=LDR 00000nam 2200000 4500 =001 INLIS000000000026535 =005 20130612124954 =008 ***********************************Ind** =035 ##$$0010-061300000026535 =041 ##$$a Ind =082 ##$$a 510.76 =090 ##$$a 510.76, Lip m =100 ##$$a Lipschutz, Seymour =245 ##$$a Matematika diskrit 2, Leymour Lipschutz, Marc Lars Lipson =260 ##$$a 2002 $b Jakarta =300 ##$$a 252 hlm., ilus, 26 cm =650 ##$$a Matematika diskrit =850 ##$$a NBPNMAT =990 ##$$a 21194810/BPAP-NTB/2014 =990 ##$$a 21194811/BPAP-NTB/2014 =990 ##$$a 0001/BPAP-NTB/2016 =990 ##$$a 0001/BPAP-NTB/2016 =990 ##$$a 21602682/BPAP-NTB/2017 =990 ##$$a 0001/BPAP-NTB/2016 =990 ##$$a 21194810/BPAP-NTB/2014 =990 ##$$a 21194811/BPAP-NTB/2014 =990 ##$$a 0001/BPAP-NTB/2016 =990 ##$$a 21602682/BPAP-NTB/2017 =990 ##$$a 0001/BPAP-NTB/2016 =990 ##$$a 21194810/BPAP-NTB/2014 =990 ##$$a 21194811/BPAP-NTB/2014 =990 ##$$a 0001/BPAP-NTB/2016 =990 ##$$a 21602682/BPAP-NTB/2017